Spanish Verb Endings - Statistics

General Stats
  • This quiz has been taken 27 times
  • The average score is 4 of 6
Answer Stats
Pronoun Answer % Correct
Yo o
100%
Él/Ella/Usted a
94%
as
88%
Nosotros/Nosotras amos
59%
Ellos/Ellas/Ustedes an
53%
Vosotros/Vosotras áis
41%
No matching quizzes found
Score Distribution
Percent of People with Each Score
Percentile by Number Answered
Your Score History
You have not taken this quiz